01014nab a2200277uuc4500001000800000005001700008008004100025035001200066035002100078040001300099041000800112100003900120245012900159650002800288650002500316650003800341650003200379650003600411650004000447700003600487700003400523700005100557773009900608942001000707999001900717117787720250930101337.0091109e20080301 spa  a1177877 a(OCoLC)820513819 ccomduadb aspa10aCabarcas, Manuel4auteaut957201410aDesarrollo e implementación de una metodología para la evaluación de integridad en pozos con calentamiento eléctrico aPozos petroleros970015 aCalentamiento953303 aCinética de corrosión9163844 aIndustria petrolera9163059 0aIndustria del petróleo946983 aMetodología en ingeniería9509210aVelilla, Lina4auteaut957201610aUribe, Ivan4auteaut939390110aVásquez Quintero, Custodio4auteaut95913810 tDYNA (Medellín)gVolumen 075, Número 154, Marzo 2008, p. 101-111w188384x0012-7353082258 cARIMP c532704d532704